[Event "Bratsk-ch"]
[Site "Bratsk"]
[Date "2017.12.14"]
[Round "1"]
[White "Sevryuk, Sergey"]
[Black "Roslyakov, Evgenuy"]
[Result "1-0"]
[WhiteElo "2094"]
[BlackElo "2008"]
[PlyCount "65"]
[EventDate "2017.12.14"]
[EventType "tourn"]
[EventRounds "11"]
[EventCountry "RUS"]
[SourceTitle "CBM 182 Extra"]
[Source "ChessBase"]
[SourceDate "2018.02.23"]
[SourceVersion "1"]
[SourceVersionDate "2018.02.23"]
[SourceQuality "1"]

1. e4 d5 2. exd5 Qxd5 3. Nc3 Qa5 4. d4 c6 5. Nf3 Bg4 6. Be2 e6 7. h3 Bh5 8. 0-0 Nf6 9. Bf4 Bb4 10. Rb1 Nbd7 11. Ne5 Bxe2 12. Qxe2 0-0 13. Rfd1 Nb6 14. Rd3 Bxc3 15. bxc3 Qxa2 16. Re1 Nbd5 17. Bc1 Qa5 18. Rg3 Ne7 19. Rg5 Qxc3 20. Nd3 Nf5 21. Bb2 Qc4 22. d5 h6 23. Rxg7+ Kxg7 24. Qe5 Qxd5 25. Qxf6+ Kh7 26. Re5 Qd8 27. Rxf5 Qxf6 28. Rxf6 Rac8 29. Ne5 Rc7 30. Ng4 Kg8 31. Rxh6 f5 32. Rh8+ Kf7 33. Rh7+ 1-0